[Event "27th CRO-chT Women 2018"]
[Site "Biograd"]
[Date "2018.09.13"]
[Round "7.12"]
[White "Lijic, Kristina"]
[Black "Vujnovic, Patricija"]
[Result "1/2-1/2"]
[WhiteElo "1715"]
[BlackElo "2056"]
[Annotator "NA RC"]
[PlyCount "150"]
[EventDate "2018.09.08"]
[EventType "team-tourn"]
[EventCountry "CRO"]
[SourceTitle "playchess.com"]
[Source "ChessBase"]
[SourceQuality "1"]
[TimeControl "40/5400+30:1800+30"]

1. c4 {[%emt 0:00:30]} e6 {[%emt 0:00:30]} 2. Nf3 {[%emt 0:00:00]} d5 {[%emt 0:00:00]} 3. cxd5 {[%emt 0:01:00]} exd5 {[%emt 0:00:00]} 4. d4 {[%emt 0:01:30]} c6 {[%emt 0:02:30]} 5. Nc3 {[%emt 0:05:30]} Bf5 {[%emt 0:00:30]} 6. e3 {[%emt 0:03:30]} Nf6 {[%emt 0:02:30]} 7. Bd3 {[%emt 0:03:30]} Bxd3 {[%emt 0:01:30]} 8. Qxd3 {[%emt 0:00:30]} Bd6 {[%emt 0:01:30]} 9. O-O {[%emt 0:01:30] D12: Slav Defence: 3 Nf3 Nf6 4 e3 Bf5} (9. Ne5 Bxe5 10. dxe5 Nfd7 11. e4 Nxe5 12. Qg3 Ng6 13. exd5 cxd5 14. Bg5 f6 15. O-O-O O-O 16. Rxd5 Qc8 {½-½ (32) Frosch,R (2302)-Kreisl,R (2444) Austria 2017}) 9... O-O {[%emt 0:01:30]} 10. e4 {[%emt 0:04:30]} dxe4 {[%emt 0:01:30]} 11. Nxe4 {[%emt 0:00:30]} Nxe4 {[%emt 0:01:30]} 12. Qxe4 {[%emt 0:00:30]} Nd7 {[%emt 0:02:30]} 13. Be3 $146 {[%emt 0:02:30]} ({Predecessor:} 13. Bg5 Qc7 14. Rfe1 Nb6 15. g3 Nd5 16. Nh4 Qd7 {½-½ (56) Valles Mata,D (2150)-Gomez Anadon,D (2256) Spain 2010}) 13... Nf6 {[%emt 0:08:30]} 14. Qc2 {[%emt 0:01:30]} Qc7 {[%emt 0:04:30]} 15. h3 {[%emt 0:02:30]} Rfe8 {[%emt 0:03:30]} 16. Qf5 {[%emt 0:06:30]} Qd7 {[%emt 0:03:30]} 17. Qxd7 {[%emt 0:02:30]} Nxd7 {[%emt 0:03:30]} 18. Rac1 {[%emt 0:02:30]} Nb6 {[%emt 0:03:30]} 19. Nd2 {[%emt 0:04:30]} Nd5 {[%emt 0:00:30]} 20. Nc4 {[%emt 0:01:30]} Bc7 {[%emt 0:01:30]} 21. Rfe1 {[%emt 0:02:30]} Re4 {[%emt 0:06:30]} 22. f3 {[%emt 0:02:30]} Re6 {[%emt 0:00:30]} 23. Bd2 {[%emt 0:02:30]} Rae8 {[%emt 0:08:30]} 24. Kf1 {[%emt 0:03:30]} Bg3 {[%emt 0:04:30]} 25. Rxe6 {[%emt 0:00:30]} Rxe6 {[%emt 0:00:00]} 26. Na5 {[%emt 0:00:30]} Re7 {[%emt 0:00:00]} 27. b4 {[%emt 0:01:30]} a6 {[%emt 0:05:30]} 28. a4 {[%emt 0:01:30]} Rc7 {[%emt 0:03:30]} 29. Nb3 {[%emt 0:05:30]} h5 {[%emt 0:05:30]} 30. Nc5 {[%emt 0:02:30]} Bd6 {[%emt 0:02:30]} 31. Nd3 {[%emt 0:01:30]} g6 {[%emt 0:03:30]} 32. Re1 {[%emt 0:02:30]} Kg7 {[%emt 0:02:01]} 33. Re4 {[%emt 0:03:30]} Nf6 {[%emt 0:01:24]} 34. Re1 {[%emt 0:00:30]} Rd7 {[%emt 0:01:05]} 35. Bc3 {[%emt 0:01:30]} Bg3 {[%emt 0:00:49]} 36. Re2 {[%emt 0:00:30]} Nd5 {[%emt 0:01:10]} 37. Bd2 {[%emt 0:02:30]} Bd6 {[%emt 0:00:11]} 38. g4 {[%emt 0:02:30]} h4 {[%emt 0:01:06]} 39. Re4 {[%emt 0:02:30]} f6 {[%emt 0:03:03]} 40. Ke1 {[%emt 0:00:00]} Nb6 {[%emt 0:00:00]} 41. Nb2 {[%emt 0:09:00]} Kf7 {[%emt 0:08:11]} 42. Ke2 {[%emt 0:04:30]} Bg3 {[%emt 0:01:30]} 43. Kd3 {[%emt 0:06:30]} Bd6 {[%emt 0:05:30]} 44. Kc3 {[%emt 0:02:30]} Nd5+ {[%emt 0:03:30]} 45. Kb3 {[%emt 0:01:30]} Bg3 {[%emt 0:03:30]} 46. Nd3 {[%emt 0:01:30]} f5 {[%emt 0:03:30]} 47. Re2 {[%emt 0:01:30]} Nc7 {[%emt 0:04:47]} 48. Kc3 {[%emt 0:04:30]} Ne6 {[%emt 0:01:23]} 49. Be3 {[%emt 0:09:30]} Bc7 {[%emt 0:00:51]} 50. Bf2 {[%emt 0:02:07]} fxg4 {[%emt 0:06:18]} 51. fxg4 {[%emt 0:00:28]} g5 {[%emt 0:00:44]} 52. Be3 {[%emt 0:05:20]} Rd5 {[%emt 0:01:14]} 53. Rf2+ {[%emt 0:00:42]} Kg6 {[%emt 0:00:59]} 54. Nc5 {[%emt 0:02:51]} Nxc5 {[%emt 0:01:55]} 55. dxc5 {[%emt 0:00:03]} Be5+ {[%emt 0:01:50]} 56. Kc4 {[%emt 0:00:54]} Rd1 {[%emt 0:00:25]} 57. Rf5 {[%emt 0:00:59]} Bf6 {[%emt 0:00:28]} 58. Rf3 {[%emt 0:02:30]} Rb1 {[%emt 0:00:12]} 59. Bd2 {[%emt 0:01:07]} Rg1 {[%emt 0:00:55]} 60. Be3 {[%emt 0:00:48]} Rg2 {[%emt 0:01:20]} 61. Kd3 {[%emt 0:02:05]} Ra2 {[%emt 0:00:12]} 62. a5 {[%emt 0:00:43]} Ra3+ {[%emt 0:00:46]} 63. Ke2 {[%emt 0:00:59]} Ra2+ {[%emt 0:02:45]} 64. Kd3 {[%emt 0:00:38]} Be5 {[%emt 0:01:01]} 65. Rf5 {[%emt 0:00:25]} Ra3+ {[%emt 0:00:23]} 66. Ke4 {[%emt 0:00:21]} Bf6 {[%emt 0:00:27]} 67. Rf3 {[%emt 0:00:30]} Rb3 {[%emt 0:01:06]} 68. Bd2 {[%emt 0:00:18]} Rb1 {[%emt 0:00:10]} 69. Kd3 {[%emt 0:00:43]} Rh1 {[%emt 0:00:23]} 70. Ke4 {[%emt 0:00:06]} Rh2 {[%emt 0:00:11]} 71. Rd3 {[%emt 0:00:38]} Re2+ {[%emt 0:00:29]} 72. Kf3 {[%emt 0:00:09]} Rh2 {[%emt 0:00:31]} 73. Ke4 {[%emt 0:00:13]} Re2+ $11 {[%emt 0:00:19]} 74. Kf3 {[%emt 0:00:04]} Rh2 {[%emt 0:01:10]} 75. Ke4 {[%emt 0:00:03]} Re2+ {[%emt 0:00:00]} 1/2-1/2

[Event "27th CRO-chT Women 2018"]
[Site "Biograd"]
[Date "2018.09.14"]
[Round "8.1"]
[White "Ivekovic, Ana"]
[Black "Repkova, Eva"]
[Result "1/2-1/2"]
[WhiteElo "2118"]
[BlackElo "2288"]
[Annotator "ChessBase"]
[PlyCount "38"]
[EventDate "2018.09.08"]
[EventType "team-tourn"]
[EventCountry "CRO"]
[SourceTitle "playchess.com"]
[Source "ChessBase"]
[SourceQuality "1"]
[TimeControl "40/5400+30:1800+30"]

1. d4 {[%emt 0:00:30]} e6 {[%emt 0:00:30]} 2. c4 {[%emt 0:00:00]} Nf6 {[%emt 0:00:00]} 3. Nf3 {[%emt 0:00:00]} b6 {[%emt 0:00:00]} 4. g3 {[%emt 0:00:30]} Bb7 {[%emt 0:00:30]} 5. Bg2 {[%emt 0:00:30]} d6 {[%emt 0:00:30]} 6. b3 {[%emt 0:01:30]} Nbd7 {[%emt 0:00:00]} 7. Bb2 {[%emt 0:02:30]} Be7 {[%emt 0:01:00]} 8. O-O {[%emt 0:00:30]} O-O {[%emt 0:00:30]} 9. Nbd2 {[%emt 0:01:30]} Ne4 {[%emt 0:02:30]} 10. Nxe4 {[%emt 0:03:30]} Bxe4 {[%emt 0:00:00]} 11. Nd2 {[%emt 0:03:30]} Bxg2 {[%emt 0:00:00]} 12. Kxg2 {[%emt 0:00:30]} f5 {[%emt 0:00:30]} 13. e4 {[%emt 0:01:30]} Qe8 {[%emt 0:01:30]} 14. Qe2 {[%emt 0:02:30]} Qf7 {[%emt 0:10:30]} 15. f4 {[%emt 0:08:30]} Rfe8 {[%emt 0:07:30]} 16. Rad1 {[%emt 0:07:30]} Rad8 {[%emt 0:04:30]} 17. Nf3 {[%emt 0:03:30]} Qh5 {[%emt 0:08:30]} 18. Rfe1 {[%emt 0:09:30]} Nf8 {[%emt 0:08:30]} 19. d5 {[%emt 0:12:30]} fxe4 {[%emt 0:00:00]} 1/2-1/2

[Event "27th CRO-chT Women 2018"]
[Site "Biograd"]
[Date "2018.09.14"]
[Round "8.2"]
[White "Medic, Mirjana"]
[Black "Spiranec, Noemi"]
[Result "1-0"]
[WhiteElo "2167"]
[BlackElo "2035"]
[Annotator "NA"]
[PlyCount "73"]
[EventDate "2018.09.08"]
[EventType "team-tourn"]
[EventCountry "CRO"]
[SourceTitle "playchess.com"]
[Source "ChessBase"]
[SourceQuality "1"]
[TimeControl "40/5400+30:1800+30"]

1. d4 {[%emt 0:00:30]} Nf6 {[%emt 0:00:30]} 2. c4 {[%emt 0:00:00]} e6 {[%emt 0:00:00]} 3. Nc3 {[%emt 0:00:00]} Bb4 {[%emt 0:00:00]} 4. e3 {[%emt 0:00:30]} O-O {[%emt 0:00:30]} 5. Bd3 {[%emt 0:00:00]} d5 {[%emt 0:00:30]} 6. Nf3 {[%emt 0:00:00]} c5 {[%emt 0:00:00]} 7. O-O {[%emt 0:00:30]} dxc4 {[%emt 0:00:00]} 8. Bxc4 {[%emt 0:00:30]} Nbd7 {[%emt 0:00:00]} 9. Qb3 {[%emt 0:00:30]} Bxc3 {[%emt 0:09:00]} 10. bxc3 {[%emt 0:00:30]} Qc7 {[%emt 0:00:30]} 11. Re1 {[%emt 0:07:30]} cxd4 {[%emt 0:08:30]} 12. exd4 {[%emt 0:02:30]} Nb6 {[%emt 0:05:30]} 13. Bd3 {[%emt 0:06:30]} Bd7 {[%emt 0:00:30]} 14. c4 {[%emt 0:00:30]} Bc6 {[%emt 0:13:30]} 15. Ne5 {[%emt 0:06:30]} Rfd8 {[%emt 0:04:30]} 16. Be3 {[%emt 0:01:30]} Be4 {[%emt 0:05:30]} 17. Bf1 {[%emt 0:03:30]} h6 {[%emt 0:00:30]} 18. f3 {[%emt 0:06:30]} Bh7 {[%emt 0:01:30]} 19. Rad1 {[%emt 0:02:30]} Rac8 {[%emt 0:02:30]} 20. Bf2 {[%emt 0:05:30]} Nfd7 {[%emt 0:04:30]} 21. Bg3 {[%emt 0:06:30]} Nxe5 {[%emt 0:01:30]} 22. Bxe5 {[%emt 0:00:30]} Qc6 {[%emt 0:00:30]} 23. c5 {[%emt 0:02:30]} Nd7 {[%emt 0:02:30]} 24. Bb5 {[%emt 0:00:30]} Qd5 {[%emt 0:00:30]} 25. Qxd5 {[%emt 0:03:30]} exd5 {[%emt 0:00:00]} 26. Bd6 {[%emt 0:00:00]} Bf5 {[%emt 0:05:00]} 27. Re7 {[%emt 0:03:00]} a6 {[%emt 0:01:30]} 28. Ba4 {[%emt 0:00:30]} b5 {[%emt 0:04:30]} 29. Bb3 {[%emt 0:00:30]} Be6 {[%emt 0:00:30]} 30. Re1 {[%emt 0:01:30]} Rc6 {[%emt 0:07:30]} 31. Bc2 {[%emt 0:03:30]} Rdc8 {[%emt 0:01:30]} 32. R1xe6 {[%emt 0:00:30]} fxe6 {[%emt 0:00:30]} 33. Rxd7 {[%emt 0:00:30]} a5 {[%emt 0:02:30]} 34. Bg6 {[%emt 0:00:00]} Ra6 {[%emt 0:01:36]} 35. Bf7+ {[%emt 0:00:00]} Kh8 {[%emt 0:00:09]} 36. Bxe6 {[%emt 0:00:30]} Re8 {[%emt 0:00:11]} 37. Bxd5 {[%emt 0:00:30]} 1-0

[Event "27th CRO-chT Women 2018"]
[Site "Biograd"]
[Date "2018.09.14"]
[Round "8.3"]
[White "Kuhar, Larisa"]
[Black "Roklicer, Heike"]
[Result "1/2-1/2"]
[WhiteElo "1912"]
[BlackElo "2042"]
[Annotator "NA"]
[PlyCount "130"]
[EventDate "2018.09.08"]
[EventType "team-tourn"]
[EventCountry "CRO"]
[SourceTitle "playchess.com"]
[Source "ChessBase"]
[SourceQuality "1"]
[TimeControl "40/5400+30:1800+30"]

1. e4 {[%emt 0:00:30]} c6 {[%emt 0:00:30]} 2. d4 {[%emt 0:00:00]} d5 {[%emt 0:00:00]} 3. Nc3 {[%emt 0:00:00]} dxe4 {[%emt 0:00:00]} 4. Nxe4 {[%emt 0:00:00]} Nf6 {[%emt 0:00:30]} 5. Nxf6+ {[%emt 0:00:00]} gxf6 {[%emt 0:00:00]} 6. c3 {[%emt 0:01:30]} Bf5 {[%emt 0:00:00]} 7. Nf3 {[%emt 0:00:30]} e6 {[%emt 0:01:30]} 8. g3 {[%emt 0:02:30]} Qb6 {[%emt 0:00:00] B16: Caro-Kann (Nimzowitsch-Variante)} (8... h5 9. Bg2 Be4 10. O-O Be7 11. Re1 f5 12. h4 Nd7 13. Ng5 Bxg2 14. Kxg2 Nf8 15. Qe2 Ng6 16. a4 {1-0 (35) Sitnikov,A (2438)-Poliakov,V (2418) Kremennaya 2017}) 9. Bg2 {[%emt 0:01:30]} Qa6 {[%emt 0:00:00]} 10. Bf1 {[%emt 0:08:30]} Qa5 $146 {[%emt 0:00:30]} 11. Qe2 {[%emt 0:02:30]} Qd5 {[%emt 0:02:30]} 12. Bg2 {[%emt 0:00:30]} Qe4 {[%emt 0:12:30]} 13. Be3 {[%emt 0:11:30]} Qd3 {[%emt 0:00:30]} 14. Nh4 {[%emt 0:03:30]} Qxe2+ {[%emt 0:09:30]} 15. Kxe2 {[%emt 0:00:30]} Bg6 {[%emt 0:00:30]} 16. Nxg6 {[%emt 0:08:30]} fxg6 {[%emt 0:31:30]} 17. Rhe1 {[%emt 0:03:30]} Bd6 {[%emt 0:04:30]} 18. Kd3 {[%emt 0:09:30]} Na6 {[%emt 0:12:30]} 19. Bh6 {[%emt 0:07:30]} Kf7 {[%emt 0:00:30]} 20. h4 {[%emt 0:01:30]} Rad8 {[%emt 0:01:30]} 21. Bh3 {[%emt 0:01:30]} Rhe8 {[%emt 0:00:30]} 22. Kc2 {[%emt 0:06:30]} Nc7 {[%emt 0:07:02]} 23. Re2 {[%emt 0:01:30]} c5 {[%emt 0:07:51]} 24. dxc5 {[%emt 0:05:30]} Bxc5 {[%emt 0:00:08]} 25. Rae1 {[%emt 0:00:00]} Re7 {[%emt 0:03:51]} 26. a3 {[%emt 0:02:00]} a5 {[%emt 0:01:29]} 27. b4 {[%emt 0:03:01]} axb4 {[%emt 0:00:06]} 28. axb4 {[%emt 0:00:06]} Ba7 {[%emt 0:03:07]} 29. Kb3 {[%emt 0:03:11]} Ree8 {[%emt 0:00:42]} 30. Bg2 {[%emt 0:01:02]} Rb8 {[%emt 0:00:35]} 31. Ra2 {[%emt 0:02:08]} Bb6 {[%emt 0:00:15]} 32. Rd1 {[%emt 0:02:42]} Ke7 {[%emt 0:00:34]} 33. c4 {[%emt 0:00:38]} Na8 {[%emt 0:00:43]} 34. c5 {[%emt 0:00:26]} Bc7 {[%emt 0:00:02]} 35. Ra7 {[%emt 0:00:14]} Red8 {[%emt 0:00:49]} 36. Rxd8 {[%emt 0:05:17]} Kxd8 {[%emt 0:00:02]} 37. Bxb7 {[%emt 0:00:41]} Nb6 {[%emt 0:00:16]} 38. cxb6 {[%emt 0:01:46]} Bxb6 {[%emt 0:00:01]} 39. Ra8 {[%emt 0:00:01]} Rxa8 {[%emt 0:00:29]} 40. Bxa8 {[%emt 0:00:00]} Bxf2 {[%emt 0:00:00]} 41. g4 {[%emt 0:15:17]} Bxh4 {[%emt 0:02:58]} 42. Be3 {[%emt 0:03:30]} Bg3 {[%emt 0:00:30]} 43. b5 {[%emt 0:00:47]} Bb8 {[%emt 0:00:30]} 44. Kc4 {[%emt 0:01:56]} h5 {[%emt 0:00:30]} 45. gxh5 {[%emt 0:01:13]} gxh5 {[%emt 0:00:30]} 46. Bf3 {[%emt 0:00:52]} h4 {[%emt 0:00:30]} 47. b6 {[%emt 0:00:34]} h3 {[%emt 0:02:30]} 48. Kc5 {[%emt 0:02:15]} Kd7 {[%emt 0:00:30]} 49. Bc6+ {[%emt 0:02:44]} Kd8 {[%emt 0:00:30]} 50. Kb5 {[%emt 0:02:56]} h2 {[%emt 0:02:30]} 51. Bc5 {[%emt 0:00:33]} f5 {[%emt 0:03:30]} 52. Bf8 {[%emt 0:05:26]} e5 {[%emt 0:02:30]} 53. Bh1 $2 {[%emt 0:00:14]} (53. Bg2 $18 {is the precise move to win.} e4 54. Bc5) 53... Kd7 {[%emt 0:07:16]} 54. Kc5 {[%emt 0:00:29]} e4 $11 {[%emt 0:01:22]} 55. Kd5 {[%emt 0:01:23]} Bg3 {[%emt 0:04:03]} 56. Bc5 {[%emt 0:00:47]} Bb8 {[%emt 0:01:48]} 57. Bd4 {[%emt 0:01:29]} Bg3 {[%emt 0:00:57]} 58. Kc5 {[%emt 0:01:21]} Bb8 {[%emt 0:00:26]} 59. Kb5 {[%emt 0:00:27]} Kd6 $1 {[%emt 0:08:03]} 60. Kc4 {[%emt 0:02:41]} Kc6 {[%emt 0:00:26]} 61. Bf2 {[%emt 0:00:27]} Be5 {[%emt 0:00:28]} 62. Bc5 {[%emt 0:00:42]} Bb8 {[%emt 0:00:31]} 63. Be3 {[%emt 0:00:33]} Be5 {[%emt 0:00:19]} 64. Bf2 {[%emt 0:00:36]} Bb8 {[%emt 0:00:13]} 65. Bd4 {[%emt 0:00:31]} Bg3 {[%emt 0:00:18]} 1/2-1/2

[Event "27th CRO-chT Women 2018"]
[Site "Biograd"]
[Date "2018.09.14"]
[Round "8.4"]
[White "Smetisko, Marija"]
[Black "Dejanovic, Tereza"]
[Result "1/2-1/2"]
[WhiteElo "1900"]
[BlackElo "1815"]
[Annotator "NA"]
[PlyCount "57"]
[EventDate "2018.09.08"]
[EventType "team-tourn"]
[EventCountry "CRO"]
[SourceTitle "playchess.com"]
[Source "ChessBase"]
[SourceQuality "1"]
[TimeControl "40/5400+30:1800+30"]

1. e4 {[%emt 0:00:30]} c5 {[%emt 0:00:30]} 2. Nf3 {[%emt 0:00:00]} d6 {[%emt 0:00:00]} 3. d4 {[%emt 0:00:00]} cxd4 {[%emt 0:00:00]} 4. Nxd4 {[%emt 0:00:00]} Nf6 {[%emt 0:00:00]} 5. Nc3 {[%emt 0:00:00]} a6 {[%emt 0:00:00]} 6. Be2 {[%emt 0:00:30]} e6 {[%emt 0:00:00]} 7. Be3 {[%emt 0:01:30]} Be7 {[%emt 0:00:00]} 8. O-O {[%emt 0:00:30]} O-O {[%emt 0:00:30]} 9. a4 {[%emt 0:00:30]} Nc6 {[%emt 0:01:30]} 10. Nb3 {[%emt 0:02:30]} b6 {[%emt 0:01:30]} 11. f4 {[%emt 0:04:30]} Bb7 {[%emt 0:00:30]} 12. Bf3 {[%emt 0:06:30]} Qc7 {[%emt 0:00:30]} 13. Qd2 {[%emt 0:00:30]} Nd7 {[%emt 0:05:30]} 14. Rad1 {[%emt 0:09:30]} Rfd8 {[%emt 0:04:30]} 15. Qf2 $11 {[%emt 0:05:30] LiveBook: 5 Games} Bf6 {[%emt 0:04:30]} 16. Qd2 {[%emt 0:11:30]} Nc5 {[%emt 0:04:30]} 17. Nd4 {[%emt 0:04:30]} Rac8 {[%emt 0:09:30]} 18. Bg4 {[%emt 0:12:30]} Qe7 {[%emt 0:11:30]} 19. Bf3 {[%emt 0:06:30]} Nxd4 {[%emt 0:04:30]} 20. Bxd4 {[%emt 0:00:00]} Bxd4+ {[%emt 0:00:30]} 21. Qxd4 {[%emt 0:00:00]} Bc6 {[%emt 0:04:30]} 22. Rfe1 {[%emt 0:07:30]} Qb7 {[%emt 0:06:30]} 23. Re2 {[%emt 0:06:43]} Qd7 {[%emt 0:06:30]} 24. b3 {[%emt 0:04:51]} Qc7 {[%emt 0:01:30]} 25. Red2 {[%emt 0:01:00]} a5 {[%emt 0:04:30]} 26. Be2 {[%emt 0:04:00]} Qb7 {[%emt 0:02:30]} 27. Bf3 {[%emt 0:00:48]} Qc7 {[%emt 0:01:30]} 28. Be2 {[%emt 0:00:10]} Qb7 {[%emt 0:00:00]} 29. Bf3 {[%emt 0:00:08]} 1/2-1/2

[Event "27th CRO-chT Women 2018"]
[Site "Biograd"]
[Date "2018.09.14"]
[Round "8.5"]
[White "Videkovic, Marina"]
[Black "Rozman, Monika"]
[Result "0-1"]
[WhiteElo "1833"]
[BlackElo "2037"]
[Annotator "NA"]
[PlyCount "92"]
[EventDate "2018.09.08"]
[EventType "team-tourn"]
[EventCountry "CRO"]
[SourceTitle "playchess.com"]
[Source "ChessBase"]
[SourceQuality "1"]
[TimeControl "40/5400+30:1800+30"]

1. Nf3 {[%emt 0:00:30]} Nf6 {[%emt 0:00:30]} 2. g3 {[%emt 0:00:00]} g6 {[%emt 0:01:30]} 3. b3 {[%emt 0:00:00]} Bg7 {[%emt 0:01:30]} 4. Bb2 {[%emt 0:00:30]} O-O {[%emt 0:01:30]} 5. Bg2 {[%emt 0:00:00]} c6 {[%emt 0:00:30]} 6. c4 {[%emt 0:02:00]} d5 {[%emt 0:01:30]} 7. Na3 {[%emt 0:08:30]} Re8 {[%emt 0:09:30]} 8. O-O {[%emt 0:00:30]} Bf5 {[%emt 0:02:30]} 9. d3 {[%emt 0:03:30]} Nbd7 {[%emt 0:01:30]} 10. Nh4 {[%emt 0:03:30]} e5 {[%emt 0:03:30]} 11. Nxf5 {[%emt 0:10:30]} gxf5 {[%emt 0:00:30]} 12. e3 {[%emt 0:00:30]} Nf8 {[%emt 0:09:30]} 13. Bh3 {[%emt 0:05:30]} f4 {[%emt 0:00:30]} 14. exf4 {[%emt 0:06:30]} exf4 {[%emt 0:00:30]} 15. Qf3 {[%emt 0:02:30]} Ng6 {[%emt 0:08:30]} 16. Rad1 {[%emt 0:15:30]} Ne4 {[%emt 0:12:30]} 17. dxe4 {[%emt 0:09:30]} Bxb2 {[%emt 0:00:30]} 18. exd5 {[%emt 0:00:30]} Bxa3 {[%emt 0:01:30]} 19. dxc6 {[%emt 0:00:30]} Qb6 {[%emt 0:04:30]} 20. cxb7 {[%emt 0:03:30]} Rad8 {[%emt 0:01:30]} 21. Rxd8 {[%emt 0:12:18]} Rxd8 {[%emt 0:00:30]} 22. Bc8 {[%emt 0:00:30]} Bd6 {[%emt 0:06:30]} 23. Rd1 {[%emt 0:02:36]} Bb8 {[%emt 0:01:30]} 24. Rxd8+ {[%emt 0:00:49]} Qxd8 {[%emt 0:00:00]} 25. c5 {[%emt 0:03:35]} Qf6 {[%emt 0:02:00]} 26. Qd1 {[%emt 0:01:20]} Ne5 {[%emt 0:02:30]} 27. Qh5 {[%emt 0:02:56]} h6 {[%emt 0:13:49]} 28. a3 {[%emt 0:01:44]} Nd3 {[%emt 0:00:46]} 29. Qg4+ {[%emt 0:01:03]} Kh8 {[%emt 0:00:38]} 30. Qe2 {[%emt 0:01:43]} Nxc5 {[%emt 0:04:26]} 31. Qe8+ {[%emt 0:00:43]} Kg7 {[%emt 0:00:02]} 32. Bh3 {[%emt 0:01:10]} Qe5 {[%emt 0:00:30]} 33. Qb5 {[%emt 0:01:06]} Qe1+ {[%emt 0:02:23]} 34. Bf1 {[%emt 0:00:15]} Ne4 {[%emt 0:00:41]} 35. Qe2 {[%emt 0:00:19]} Qxe2 {[%emt 0:00:13]} 36. Bxe2 {[%emt 0:00:04]} Nc5 {[%emt 0:00:05]} 37. Bf3 {[%emt 0:00:11]} Nxb3 {[%emt 0:00:08]} 38. a4 {[%emt 0:00:19]} Kf6 {[%emt 0:00:17]} 39. h4 {[%emt 0:01:05]} fxg3 {[%emt 0:00:15]} 40. fxg3 {[%emt 0:00:00]} Bxg3 {[%emt 0:00:00]} 41. h5 {[%emt 0:00:44]} Bb8 {[%emt 0:01:17]} 42. Kf2 {[%emt 0:00:30]} Ke5 {[%emt 0:00:30]} 43. Ke3 {[%emt 0:00:00]} f5 {[%emt 0:00:30]} 44. Bc6 {[%emt 0:01:00]} Kd6 {[%emt 0:01:30]} 45. Bf3 {[%emt 0:00:30]} Kc5 {[%emt 0:00:00]} 46. Bd1 {[%emt 0:00:30]} Kb4 {[%emt 0:08:00]} 0-1

[Event "27th CRO-chT Women 2018"]
[Site "Biograd"]
[Date "2018.09.14"]
[Round "8.6"]
[White "Blazeka, Mihaela"]
[Black "Grgic, Neomi"]
[Result "0-1"]
[WhiteElo "2048"]
[BlackElo "1851"]
[Annotator "NA"]
[PlyCount "66"]
[EventDate "2018.09.08"]
[EventType "team-tourn"]
[EventCountry "CRO"]
[SourceTitle "playchess.com"]
[Source "ChessBase"]
[SourceQuality "1"]
[TimeControl "40/5400+30:1800+30"]

1. e4 {[%emt 0:00:30]} e5 {[%emt 0:00:30]} 2. Nf3 {[%emt 0:00:00]} Nc6 {[%emt 0:00:00]} 3. Bb5 {[%emt 0:00:00]} a6 {[%emt 0:00:00]} 4. Ba4 {[%emt 0:00:00]} Nf6 {[%emt 0:00:00]} 5. O-O {[%emt 0:00:00]} Be7 {[%emt 0:00:00]} 6. d3 {[%emt 0:00:30]} b5 {[%emt 0:00:00]} 7. Bb3 {[%emt 0:00:00]} d6 {[%emt 0:01:00]} 8. c3 {[%emt 0:00:00]} O-O {[%emt 0:00:30]} 9. h3 {[%emt 0:01:30]} Na5 {[%emt 0:00:30]} 10. Bc2 {[%emt 0:00:30]} c5 {[%emt 0:01:30]} 11. Nbd2 {[%emt 0:00:00]} Qc7 {[%emt 0:01:30]} 12. Re1 {[%emt 0:00:00]} Nc6 {[%emt 0:03:30]} 13. Nf1 {[%emt 0:05:30]} Ne8 {[%emt 0:01:30]} 14. Ne3 {[%emt 0:06:30]} Be6 {[%emt 0:06:30]} 15. Qe2 {[%emt 0:00:30]} Bf6 {[%emt 0:06:30]} 16. Nh2 {[%emt 0:14:30]} g6 {[%emt 0:09:30]} 17. g4 {[%emt 0:22:30]} Ne7 {[%emt 0:17:30]} 18. Ng2 {[%emt 0:07:30]} d5 {[%emt 0:08:30]} 19. Bh6 {[%emt 0:01:30]} Bg7 {[%emt 0:11:30]} 20. Bxg7 {[%emt 0:00:30]} Nxg7 {[%emt 0:00:30]} 21. exd5 {[%emt 0:00:30]} Bxd5 {[%emt 0:06:30]} 22. Qxe5 {[%emt 0:00:30]} Qc6 {[%emt 0:02:30]} 23. Nf4 {[%emt 0:00:30]} Rae8 {[%emt 0:01:30]} 24. Nxd5 {[%emt 0:00:30]} Nxd5 {[%emt 0:00:00]} 25. Qg3 {[%emt 0:00:30]} Ne6 {[%emt 0:00:00]} 26. Nf3 {[%emt 0:02:30]} Nef4 {[%emt 0:05:46]} 27. Ne5 {[%emt 0:03:30]} Qc7 {[%emt 0:01:37]} 28. c4 {[%emt 0:08:30]} Nb4 {[%emt 0:03:53]} 29. Re4 {[%emt 0:03:30]} g5 {[%emt 0:03:28]} 30. h4 {[%emt 0:10:52]} Rxe5 {[%emt 0:00:24]} 31. Rae1 {[%emt 0:01:52]} Rxe4 {[%emt 0:00:56]} 32. Rxe4 {[%emt 0:00:09]} Nxc2 {[%emt 0:00:09]} 33. hxg5 {[%emt 0:00:09]} Nd4 {[%emt 0:01:00]} 0-1

[Event "27th CRO-chT Women 2018"]
[Site "Biograd"]
[Date "2018.09.14"]
[Round "8.7"]
[White "Raguz, Ivanka"]
[Black "Ljikar, Tamara"]
[Result "0-1"]
[WhiteElo "1706"]
[BlackElo "1920"]
[Annotator "NA"]
[PlyCount "62"]
[EventDate "2018.09.08"]
[EventType "team-tourn"]
[EventCountry "CRO"]
[SourceTitle "playchess.com"]
[Source "ChessBase"]
[SourceQuality "1"]
[TimeControl "40/5400+30:1800+30"]

1. e4 {[%emt 0:00:30]} c5 {[%emt 0:00:30]} 2. Nf3 {[%emt 0:00:00]} e6 {[%emt 0:00:00]} 3. d4 {[%emt 0:00:00]} cxd4 {[%emt 0:00:00]} 4. Nxd4 {[%emt 0:00:30]} Nc6 {[%emt 0:00:30]} 5. g3 {[%emt 0:00:00]} Nf6 {[%emt 0:00:30]} 6. Bg2 {[%emt 0:00:00]} Qc7 {[%emt 0:01:30]} 7. O-O {[%emt 0:00:30]} Be7 {[%emt 0:02:30]} 8. Nc3 {[%emt 0:02:30]} a6 {[%emt 0:03:30]} 9. Nde2 {[%emt 0:00:30]} Rb8 {[%emt 0:03:30]} 10. f4 {[%emt 0:02:30]} d6 {[%emt 0:01:30]} 11. Kh1 {[%emt 0:01:30]} O-O {[%emt 0:00:30]} 12. Be3 {[%emt 0:01:30]} b5 {[%emt 0:04:30]} 13. a3 {[%emt 0:01:30]} Bb7 {[%emt 0:09:30]} 14. Bf3 {[%emt 0:04:30]} Na5 {[%emt 0:08:30]} 15. g4 {[%emt 0:02:30]} Nc4 {[%emt 0:00:30]} 16. Qc1 {[%emt 0:01:30]} Nxe3 {[%emt 0:06:30]} 17. Qxe3 {[%emt 0:00:00]} Rfd8 {[%emt 0:02:30]} 18. g5 {[%emt 0:03:00]} Nd7 {[%emt 0:05:30]} 19. Ng3 {[%emt 0:12:30]} Nb6 {[%emt 0:02:30]} 20. b3 {[%emt 0:06:30]} d5 {[%emt 0:00:30]} 21. exd5 {[%emt 0:00:30]} Nxd5 {[%emt 0:00:30]} 22. Nxd5 {[%emt 0:00:30]} Bxd5 {[%emt 0:00:30]} 23. Bxd5 {[%emt 0:00:30]} Rxd5 {[%emt 0:00:00]} 24. Qe2 {[%emt 0:06:30]} Rbd8 {[%emt 0:03:00]} 25. Ne4 {[%emt 0:00:30]} Qc6 {[%emt 0:01:30]} 26. Qg2 {[%emt 0:03:30]} Kh8 {[%emt 0:03:30]} 27. c3 {[%emt 0:08:30]} Rd3 {[%emt 0:04:30]} 28. f5 {[%emt 0:06:30]} exf5 {[%emt 0:03:30]} 29. Rxf5 {[%emt 0:00:30]} Qe6 {[%emt 0:00:30]} 30. Raf1 {[%emt 0:03:30]} Rd1 {[%emt 0:01:30]} 31. b4 {[%emt 0:01:30]} Qxf5 {[%emt 0:00:00]} 0-1